The carpenter and joiner's assistant (Record no. 114141)
[ view plain ]
| 000 -LEADER | |
|---|---|
| fixed length control field | 01058cam a22002055a 4500 |
| 001 - CONTROL NUMBER | |
| control field | L156270 |
| 008 - FIXED-LENGTH DATA ELEMENTS--GENERAL INFORMATION | |
| fixed length control field | 120510s1860 xxk f 000 0 eng d |
| 035 ## - SYSTEM CONTROL NUMBER | |
| System control number | (Sirsi) u156270 |
| 041 0# - LANGUAGE CODE | |
| Language code of text/sound track or separate title | eng |
| 100 1# - MAIN ENTRY--PERSONAL NAME | |
| Personal name | Newlands, James |
| Dates associated with a name | 1813-1871 |
| 245 04 - TITLE STATEMENT | |
| Title | The carpenter and joiner's assistant |
| Remainder of title | being a comprehensive treatise on the selection, preparation, and strength of materials and the mechanical principles of framing, with their application in carpentry, joinery, and hand-railing; also, a course of instruction in practical geometry, geometrical lines, drawing, projection, and perspective; and an illustrated glossary of terms used in architecture and building |
| 260 ## - PUBLICATION, DISTRIBUTION, ETC. | |
| Place of publication, distribution, etc. | Glasgow |
| -- | Edinburgh |
| -- | London |
| Name of publisher, distributor, etc. | Blackie and Son |
| Date of publication, distribution, etc. | 1860 |
| 300 ## - PHYSICAL DESCRIPTION | |
| Extent | xiii, 291 p., 111 leaves of plates |
| Other physical details | ill. |
| Dimensions | 35 cm. |
| 300 ## - PHYSICAL DESCRIPTION | |
| Extent | 2 v. |
| Other physical details | ill. |
| Dimensions | 35 cm. |
| 520 ## - SUMMARY, ETC. | |
| Summary, etc. | Library holds two copies: 1 in 2 vols; 1 in 1 vol. |
| 583 0# - ACTION NOTE | |
| Action | Condition reviewed |
| Time/date of action | 20120620 |
| Status | condition level 2 (x3) |
| 651 #4 - SUBJECT ADDED ENTRY--GEOGRAPHIC NAME | |
| Geographic name | Great Britain |
| Chronological subdivision | 1707- |
| 690 ## - LOCAL SUBJECT ADDED ENTRY--TOPICAL TERM (OCLC, RLIN) | |
| Topical term or geographic name as entry element | Building materials and defects |
| 942 ## - ADDED ENTRY ELEMENTS (KOHA) | |
| Suppress in OPAC | 0 |
| Withdrawn status | Lost status | Source of classification or shelving scheme | Damaged status | Not for loan | Home library | Current library | Shelving location | Date acquired | Total Checkouts | Full call number | Barcode | Date last seen | Copy number | Price effective from | Koha item type |
|---|---|---|---|---|---|---|---|---|---|---|---|---|---|---|---|
| Dewey Decimal Classification | Historic collection | Historic collection | Historic collection | 10/05/2012 | FOLIO 1860 NEWLANDS | 30077595 | 06/08/2019 | 1 | 06/08/2019 | Book | |||||
| Dewey Decimal Classification | Historic collection | Historic collection | Historic collection | 10/05/2012 | FOLIO 1860 NEWLANDS VOL. 1 | 30077599 | 06/08/2019 | 1 | 06/08/2019 | Book | |||||
| Dewey Decimal Classification | Historic collection | Historic collection | Historic collection | 10/05/2012 | FOLIO 1860 NEWLANDS VOL. 2 | 30077603 | 06/08/2019 | 1 | 06/08/2019 | Book |